01052nam a2200193 a 450000100100000000500170001000800410002702000150006804000250008308200150010824500870012326001130021030000210032350002560034450000740060070000540067495201130072899900170084100004158120201002035641.0131011s1999 sp 000 0 spa d a8400078586 aDO-SdBNPbspacBNPHU axxxbL776p00aLiteratura y Pensamiento en América Latina /cJ. Raúl Navarro García, coord. aSevilla :bEscuela de Estudios Hispano-Americanos, Consejo Superior de Investigaciones Científicas,c1999. a204 p. ;c24 cm. aLa Escuela de Estudios Hispanoamericanos (CSIC) consciente de esta realidad, se comprometió a organizar el V Encuentro de Latinoamericanistas Españoles, que se celebró en su sede sevillana de la calle Alfonso XII hace ya cuatro años"--P. [11]. aIncluye referencias bibliográficas y notas al pie de las páginas.1 aNavarro García, Jesús Raúl.epról.917794 001050718MOaGRbGRcCTd2013-10-11iLF1l0oxxx L776pp41581-10r2020-06-25w2020-06-25y1ZNo se presta c41071d41071